| 000 | 00491nam a22001817a 4500 | ||
|---|---|---|---|
| 005 | 20251108164202.0 | ||
| 008 | 250721s2000 xx 000 0 ara d | ||
| 082 | 1 | 4 | _a226/خول |
| 100 | 1 | _aالخولي، محمد علي | |
| 245 | 1 | 0 | _aمقارنة بين الأناجيل / |
| 264 | 1 |
_aصويلح : _bدار الفلاح، _c2000. |
|
| 300 | _a271ص | ||
| 650 | 1 | 7 | _aالأناجيل |
| 650 | 1 | 7 | _aالمسيحية |
| 650 | 1 | 7 | _aالمقارنة |
| 942 |
_2ddc _cBK |
||
| 999 |
_c5816 _d5816 |
||